[Event "VI World Blitz"]
[Site "Moscow RUS"]
[Date "2010.11.18"]
[Round "34"]
[White "Carlsen,M"]
[Black "Mamedyarov,S"]
[Result "1/2-1/2"]
[WhiteElo "2802"]
[BlackElo "2763"]

1.e4 c5 2.Ne2 e6 3.d4 cxd4 4.Nxd4 Nc6 5.Nc3 Qc7 6.Be3 Nf6 7.Bd3 a6 8.O-O Nxd4
9.Bxd4 Bc5 10.Bxc5 Qxc5 11.Kh1 d6 12.Qe1 e5 13.Na4 Qc6 14.Qb4 Be6 15.c4 Nxe4
16.Bxe4 Qxe4 17.Qxd6 Rd8 18.Qa3 Qxc4 19.Rfd1 Rxd1+ 20.Rxd1 f6 21.Qd6 Kf7
22.Nc5 Re8 23.h3 Qxa2 24.Nxb7 Kg8 25.Qc6 Rf8 26.Nc5 Bf7 27.Qb7 a5 28.Qb6 h5
29.Kh2 a4 30.Qb4 Qc4 31.Qxc4 Bxc4 32.Ra1 Bb3 33.Ra3 Rb8 34.Nxa4 Bxa4 35.Rxa4 Rxb2
36.f4 Kf7 37.Ra7+ Kg6 38.fxe5 fxe5 39.Kg3 Rb3+ 40.Kf2 h4 41.Ra4 Kh5 42.Ra5  1/2-1/2

[Event "VI World Blitz"]
[Site "Moscow RUS"]
[Date "2010.11.18"]
[Round "35"]
[White "Eljanov,P"]
[Black "Mamedyarov,S"]
[Result "0-1"]
[WhiteElo "2742"]
[BlackElo "2763"]

1.d4 Nf6 2.c4 g6 3.Nc3 d5 4.Nf3 Bg7 5.Bg5 c6 6.e3 O-O 7.Be2 h6 8.Bh4 Be6
9.cxd5 Nxd5 10.O-O Nd7 11.e4 Nf4 12.Bg3 Nxe2+ 13.Qxe2 Bg4 14.Rfd1 Qb6 15.Qe3 Rfd8
16.Rd2 e5 17.dxe5 Qxe3 18.fxe3 Bxf3 19.gxf3 Nxe5 20.Rxd8+ Rxd8 21.Bxe5 Bxe5
22.Rd1 Rxd1+ 23.Nxd1 g5 24.b3 f6 25.Nf2 Bd6 26.Nd3 c5 27.a4 a6 28.a5 Kf7
29.Nb2 Ke6 30.Nc4 Bc7 31.h4 Kd7 32.h5 Kc6 33.Kf2 Kb5 34.Ke2 Kb4 35.e5 Bxe5
36.Kd3 Kxb3 37.Nd2+ Kb4 38.Nc4 Bc7 39.e4 Bf4 40.Nb6 Kb3 41.Nc4 Bc7 42.e5 Bxe5
43.Ne3 Bd6 44.Nf5 Bf8  0-1

[Event "VI World Blitz"]
[Site "Moscow RUS"]
[Date "2010.11.18"]
[Round "36"]
[White "Mamedyarov,S"]
[Black "Grischuk,A"]
[Result "0-1"]
[WhiteElo "2763"]
[BlackElo "2771"]

1.d4 Nf6 2.c4 e6 3.Nf3 d5 4.Nc3 Bb4 5.Bg5 Nbd7 6.Qb3 c5 7.a3 Qa5 8.Bd2 O-O
9.Rd1 Bxc3 10.Bxc3 Qc7 11.dxc5 Nxc5 12.Qc2 Nce4 13.Be5 Qa5+ 14.Nd2 dxc4 15.Bxf6 Nxf6
16.Qxc4 Bd7 17.e3 Rfc8 18.Qb4 Qxb4 19.axb4 Rc2 20.Rb1 Nd5 21.Bd3 Rc7 22.b5 Nb4
23.Bc4 Rc5 24.b3 Bxb5 25.Ke2 Bc6 26.Rhc1 Bxg2 27.f3 Bh3 28.Ne4 Rc7 29.Ng5 Bf5
30.Bxe6 Bxb1 31.Rxc7 fxe6 32.Rxb7 Nc6 33.Nxe6 g6 34.Rg7+ Kh8 35.Rc7 Ne5 36.f4 Ng4
37.Ng5 Re8  0-1

[Event "World Blitz Qualifier"]
[Site "Moscow RUS"]
[Date "2011.02.17"]
[Round "7.1"]
[White "Mamedyarov,S"]
[Black "Mamedov,Rau"]
[Result "1-0"]
[WhiteElo "2772"]
[BlackElo "2660"]

1.d4 d6 2.e4 e5 3.Nf3 exd4 4.Nxd4 Nf6 5.Nc3 Be7 6.Be2 O-O 7.O-O Re8 8.f4 Bf8
9.Bf3 c5 10.Nb3 Nc6 11.Re1 Be6 12.Be3 Rc8 13.Nd5 Bxd5 14.exd5 Ne7 15.c4 g6
16.g4 Bg7 17.Kg2 b5 18.Nd2 a6 19.a4 bxc4 20.Nxc4 Rb8 21.Rc1 h6 22.Rc2 Qd7
23.h3 Rb4 24.Bd2 Rxc4 25.Rxc4 Nfxd5 26.b3 Nc7 27.Be3 Ne6 28.Bxc5 d5 29.Be3 d4
30.Bd2 Qd6 31.Qc1 Nd5 32.Bxd5 Qxd5+ 33.Kf2 d3 34.Be3 f5 35.Rc8 Rxc8 36.Qxc8+ Kh7
37.Qc4 Qxc4 38.bxc4 fxg4 39.hxg4  1-0

[Event "World Blitz Qualifier"]
[Site "Moscow RUS"]
[Date "2011.02.17"]
[Round "7.2"]
[White "Mamedov,Rau"]
[Black "Mamedyarov,S"]
[Result "0-1"]
[WhiteElo "2660"]
[BlackElo "2772"]

1.d4 Nf6 2.c4 e5 3.dxe5 Ng4 4.Nf3 Bc5 5.e3 Nc6 6.Nc3 Ngxe5 7.Nxe5 Nxe5 8.Be2 O-O
9.O-O Re8 10.b3 a5 11.Bb2 Ra6 12.Ne4 Ba7 13.Ng3 Rh6 14.Nf5 Rf6 15.f4 Rxf5
16.fxe5 Rfxe5 17.Kh1 Rg5 18.Bh5 f6 19.Bxe8 Qxe8 20.Bd4 Bb8 21.Qf3 c5 22.Bc3 d5
23.h3 Be6 24.Rad1 Rg3 25.Qf2 Bxh3 26.Rxd5 Qe4 27.Rd8+ Kf7 28.Rxb8 Bxg2+ 29.Kg1 Rg6
30.Qf4 Bh1+ 31.Kf2 Rg2+  0-1

[Event "World Blitz Qualifier"]
[Site "Moscow RUS"]
[Date "2011.02.17"]
[Round "8.1"]
[White "Andreikin,D"]
[Black "Mamedyarov,S"]
[Result "1-0"]
[WhiteElo "2689"]
[BlackElo "2772"]

1.c4 Nf6 2.Nc3 d5 3.cxd5 Nxd5 4.Nf3 g6 5.Qb3 Nb6 6.d4 Bg7 7.Bg5 h6 8.Bh4 Be6
9.Qc2 Nc6 10.Rd1 O-O 11.e3 Nb4 12.Qb1 Bf5 13.e4 Bg4 14.d5 g5 15.Bg3 f5 16.a3 f4
17.axb4 fxg3 18.hxg3 Qd6 19.Be2 Qxb4 20.O-O Nd7 21.Nd4 Bxd4 22.Bxg4 Ne5 23.Bf5 Bxc3
24.bxc3 Qxb1 25.Rxb1 b6 26.f4 Nc4 27.Kf2 Kg7 28.Rh1 Nd6 29.g4 gxf4 30.Kf3 Rae8
31.Rh5 Nf7 32.Kxf4 Ng5 33.Ke5 Rf6 34.Rbh1 a5 35.Rxg5+ hxg5 36.Rh7+ Kg8 37.Rh5 Ref8
38.Rxg5+ Kf7 39.Rh5 a4 40.g5 Rd6 41.Rh7+ Kg8 42.Rxe7 a3 43.Rxc7 Rdd8 44.Be6+ Kh8
45.g6 Rg8  1-0

[Event "Baku Open A"]
[Site "Baku AZE"]
[Date "2011.08.06"]
[Round "1"]
[White "Mamedyarov,S"]
[Black "Abdulov,Or"]
[Result "1/2-1/2"]
[WhiteElo "2765"]
[BlackElo "2377"]

1.c4 Nf6 2.d4 c5 3.d5 b5 4.cxb5 a6 5.bxa6 Bxa6 6.Nc3 d6 7.e4 Bxf1 8.Kxf1 g6
9.g4 Bg7 10.Kg2 Na6 11.g5 Nd7 12.Nf3 Nb6 13.Bf4 Nc7 14.h4 O-O 15.h5 Qd7 16.Rh4 Na4
17.e5 Nxb2 18.Qd2 Na4 19.Ne2 Nb6 20.Nc3 Na4 21.Ne4 dxe5 22.Bxe5 Qxd5 23.Bxg7 Qxd2
24.Nfxd2 Kxg7 25.Rah1 gxh5 26.Rxh5 Rh8 27.Ng3 Nd5 28.Rh6 Nac3 29.Nf5+ Kg8  1/2-1/2

[Event "Baku Open A"]
[Site "Baku AZE"]
[Date "2011.08.10"]
[Round "5"]
[White "Safarli,E"]
[Black "Mamedyarov,S"]
[Result "1/2-1/2"]
[WhiteElo "2622"]
[BlackElo "2765"]

1.e4 e6 2.d4 d5 3.exd5 exd5 4.Nf3 Nc6 5.Bb5 Bd6 6.O-O Ne7 7.Re1 O-O 8.h3 Bf5
9.c3 Qd7 10.Ne5 Bxe5 11.Rxe5 a6 12.Bxc6 Nxc6 13.Re1 Rae8 14.Rxe8 Rxe8 15.Bf4 f6
16.Nd2 g5 17.Bg3 Kg7 18.Nf1 Ne7 19.Qb3 c6 20.Re1 Kf7 21.Nd2 h5 22.f3 Bd3
23.Ne4 Bxe4  1/2-1/2

[Event "Baku Open A"]
[Site "Baku AZE"]
[Date "2011.08.13"]
[Round "8"]
[White "Zhigalko,S"]
[Black "Mamedyarov,S"]
[Result "1/2-1/2"]
[WhiteElo "2689"]
[BlackElo "2765"]

1.e4 e6 2.d4 d5 3.Nc3 Bb4 4.exd5 exd5 5.Bd3 Nc6 6.Ne2 Bg4 7.f3 Be6 8.O-O Nge7
9.Bf4 Nf5 10.Nb5 Ba5 11.c3 Nce7 12.g4 Nh4 13.Bg3 Nhg6  1/2-1/2

[Event "FIDE World Cup 2011"]
[Site "Khanty-Mansiysk RUS"]
[Date "2011.08.29"]
[Round "1.2"]
[White "Mamedyarov,S"]
[Black "Ibrahim,H"]
[Result "1-0"]
[WhiteElo "2765"]
[BlackElo "2402"]

1.d4 Nf6 2.c4 g6 3.Nf3 Bg7 4.g3 O-O 5.Bg2 d6 6.O-O Nc6 7.Nc3 a6 8.h3 Rb8
9.Be3 b5 10.Nd2 Bd7 11.Rc1 e5 12.cxb5 axb5 13.dxe5 Nxe5 14.Bg5 c6 15.b3 Be6
16.Nce4 Bd5 17.Nxf6+ Bxf6 18.Bxf6 Qxf6 19.f4 Nd7 20.e4 Be6 21.Rxc6 Qd4+ 22.Kh2 Nc5
23.Nb1 Qb2 24.f5 Bd7 25.Rxd6 Bc8 26.Qc1  1-0

[Event "FIDE World Cup 2011"]
[Site "Khanty-Mansiysk RUS"]
[Date "2011.08.31"]
[Round "2.1"]
[White "Mamedyarov,S"]
[Black "Fridman,D"]
[Result "1/2-1/2"]
[WhiteElo "2765"]
[BlackElo "2659"]

1.d4 d5 2.c4 e6 3.Nc3 Be7 4.cxd5 exd5 5.Bf4 Nf6 6.e3 Bf5 7.Qb3 Nc6 8.a3 Na5
9.Qa2 O-O 10.Nf3 c6 11.Be2 b5 12.O-O Nc4 13.Rfc1 Nh5 14.Be5 f6 15.Bg3 Nxg3
16.hxg3 Rb8 17.Nd1 Qd7 18.a4 a6 19.Ne1 Nb6 20.b3 Rfc8 21.a5 Na8 22.Bd3 Be6
23.Qd2 c5 24.dxc5 Bxc5 25.Nc2 d4 26.exd4 Bf8 27.Nde3 Nc7 28.Be4 f5 29.Bf3 Nd5
30.Re1 g6 31.Nxd5 Bxd5 32.Bxd5+ Qxd5 33.Qd3 Rd8 34.Rad1 Rbc8 35.Re2 Rc6 36.Ne3 Qf7
37.d5 Rc7 38.Rc2 Bb4 39.Ra1 Qe7 40.Raa2 Bc5 41.Kf1 Rcd7  1/2-1/2

[Event "FIDE World Cup 2011"]
[Site "Khanty-Mansiysk RUS"]
[Date "2011.09.01"]
[Round "2.2"]
[White "Fridman,D"]
[Black "Mamedyarov,S"]
[Result "1/2-1/2"]
[WhiteElo "2659"]
[BlackElo "2765"]

1.d4 Nf6 2.Nf3 g6 3.g3 Bg7 4.Bg2 O-O 5.O-O d6 6.b3 c5 7.c4 cxd4 8.Nxd4 d5
9.cxd5 Nxd5 10.Bb2 Qa5 11.Qd2 Qxd2 12.Nxd2 Rd8 13.Nc4 Na6 14.Rfd1 Nac7 15.Rac1 Rb8
16.Na5 Ne6 17.Nxe6 Bxe6 18.Bxg7 Kxg7 19.Bf3 Rd7 20.Rd4  1/2-1/2

[Event "FIDE World Cup 2011"]
[Site "Khanty-Mansiysk RUS"]
[Date "2011.09.02"]
[Round "2.3"]
[White "Fridman,D"]
[Black "Mamedyarov,S"]
[Result "0-1"]
[WhiteElo "2659"]
[BlackElo "2765"]

1.d4 Nf6 2.c4 g6 3.Nc3 Bg7 4.g3 O-O 5.Bg2 d6 6.Nf3 Nc6 7.O-O a6 8.b3 Rb8
9.Nd5 Nh5 10.Bb2 e6 11.Nc3 b5 12.Rb1 f5 13.e3 Nf6 14.Qe2 b4 15.Na4 Bd7 16.Rfd1 Ne7
17.Ne1 Qe8 18.Qc2 g5 19.Nd3 a5 20.Re1 Bc6 21.Bxc6 Qxc6 22.Rbc1 Qe8 23.Qe2 Ng6
24.f3 h5 25.e4 fxe4 26.fxe4 g4 27.Rf1 Nh7 28.h4 Qe7 29.e5 Rxf1+ 30.Rxf1 Rf8
31.Qe4 Rxf1+ 32.Kxf1 Nhf8 33.Kg2 Qf7 34.exd6 cxd6 35.c5 d5 36.Qe2 Ne7 37.Nf4 Bh6
38.Bc1 Nc6 39.Qf2 Qf5 40.Be3 Bxf4 41.Qxf4 Qxf4 42.Bxf4 Nxd4 43.Nb6 Nc6 44.Bd6 Kf7
45.Kf2 Ng6 46.Nd7 e5 47.Nb6 Ke6 48.Na8 Nge7 49.Nc7+ Kd7 50.Nb5 Nf5 51.Bc7 Na7
52.Nxa7 Kxc7 53.a4 bxa3 54.Nb5+ Kc6 55.Nxa3 Kxc5  0-1

[Event "FIDE World Cup 2011"]
[Site "Khanty-Mansiysk RUS"]
[Date "2011.09.02"]
[Round "2.4"]
[White "Mamedyarov,S"]
[Black "Fridman,D"]
[Result "1/2-1/2"]
[WhiteElo "2765"]
[BlackElo "2659"]

1.d4 Nf6 2.c4 e6 3.Nf3 Bb4+ 4.Bd2 c5 5.Bxb4 cxb4 6.a3 Nc6 7.d5 exd5 8.cxd5 Ne7
9.d6 Nc6 10.axb4 Qb6 11.Nc3 Qxb4 12.Qd2 O-O 13.e3 Rb8 14.Ra4 Qc5 15.Rc4 Qa5
16.Ra4 Qd8 17.Bd3 a6 18.O-O Re8 19.Ne4 g6 20.Bb1 Nxe4 21.Rxe4 b5 22.Rf4 Bb7
23.Ba2 Rf8 24.h4 Kg7 25.h5 f6 26.e4 g5 27.h6+ Kxh6 28.Rf5 Kg7 29.Nxg5 Qa5
30.b4 Qxb4 31.Qf4 Nd4 32.Qg4 Kh8 33.Nxh7 Nxf5 34.Nxf8 Rxf8 35.Qh5+ Kg7 36.Qg4+ Kh6
37.Qh3+  1/2-1/2

[Event "FIDE World Cup 2011"]
[Site "Khanty-Mansiysk RUS"]
[Date "2011.09.03"]
[Round "3.1"]
[White "Zherebukh,Y"]
[Black "Mamedyarov,S"]
[Result "1/2-1/2"]
[WhiteElo "2590"]
[BlackElo "2765"]

1.e4 c5 2.Nf3 d6 3.d4 cxd4 4.Nxd4 Nf6 5.Nc3 a6 6.Be3 Ng4 7.Bc1 Nf6 8.Be2 e5
9.Nb3 Be7 10.O-O O-O 11.Qd3 Nc6 12.Nd5 Nxd5 13.exd5 Nb8 14.f4 Nd7 15.a4 exf4
16.Bxf4 Bg5 17.Nd4 Re8 18.Kh1 Ne5 19.Qd2 Bf6 20.c3 Bd7 21.Bd1 Rc8 22.Bc2 Rc5
23.Nb3 Rc7 24.Qf2 Bc8 25.Nd2 Ng4 26.Qg3 Bh4 27.Qd3 g6 28.Qd4 f5 29.Nf3 Re2
30.Nxh4 Qxh4 31.Bg3 Nf2+ 32.Bxf2 Qxd4 33.Bxd4 Rxc2 34.Rae1 Kf7 35.Rf2 Rxf2
36.Bxf2 b5 37.axb5 axb5 38.Kg1 Bb7 39.Bg3 Bxd5  1/2-1/2

[Event "FIDE World Cup 2011"]
[Site "Khanty-Mansiysk RUS"]
[Date "2011.09.04"]
[Round "3.2"]
[White "Mamedyarov,S"]
[Black "Zherebukh,Y"]
[Result "1/2-1/2"]
[WhiteElo "2765"]
[BlackElo "2590"]

1.d4 d5 2.c4 c6 3.Nc3 Nf6 4.Nf3 e6 5.Bg5 Nbd7 6.e3 Qa5 7.cxd5 Nxd5 8.Qd2 Bb4
9.Rc1 h6 10.Bh4 c5 11.Bc4 N7b6 12.Bd3 cxd4 13.exd4 Bd7 14.a3 Bxc3 15.bxc3 Rc8
16.c4 Qxd2+ 17.Kxd2 Nf4 18.Bf1 Bc6 19.Ke3 g5 20.Bg3 Ke7 21.Bxf4  1/2-1/2

[Event "FIDE World Cup 2011"]
[Site "Khanty-Mansiysk RUS"]
[Date "2011.09.05"]
[Round "3.3"]
[White "Zherebukh,Y"]
[Black "Mamedyarov,S"]
[Result "1-0"]
[WhiteElo "2590"]
[BlackElo "2765"]

1.e4 c5 2.Nf3 d6 3.d4 cxd4 4.Nxd4 Nf6 5.Nc3 a6 6.f3 Qb6 7.g4 Nc6 8.Nb3 e6
9.Qe2 Qc7 10.Be3 b5 11.O-O-O Bb7 12.Kb1 Rc8 13.Qf2 Ne5 14.Bd3 Be7 15.g5 Nfd7
16.f4 b4 17.Ne2 Nxd3 18.cxd3 a5 19.Rc1 Nc5 20.Ng3 Qb6 21.f5 Qb5 22.Nxc5 dxc5
23.Rhd1 c4 24.dxc4 Rxc4 25.Rxc4 Qxc4 26.f6 gxf6 27.gxf6 Bd8 28.Qd2 Bxe4+
29.Nxe4 Qxe4+ 30.Ka1 Qd5 31.Qc2 Qb7 32.Qa4+  1-0

[Event "Corsica Masters KO 2011"]
[Site "Bastia FRA"]
[Date "2011.10.28"]
[Round "1.1"]
[White "Mamedyarov,S"]
[Black "Mullon,J"]
[Result "1-0"]
[WhiteElo "2746"]
[BlackElo "2379"]

1.d4 d5 2.c4 c6 3.Nf3 Nf6 4.Qc2 g6 5.Bf4 dxc4 6.Qxc4 Bg7 7.Nc3 O-O 8.e4 Qb6
9.Na4 Qa5+ 10.Bd2 Qh5 11.Qc2 Nbd7 12.Be2 Nb6 13.Ng5 Bg4 14.f3 Bd7 15.Nc5 h6
16.Nxd7 Nbxd7 17.f4 Ng4 18.Qd1 Ndf6 19.e5 hxg5 20.exf6 Bxf6 21.Bxg4 Qh8 22.fxg5 Bxd4
23.Qe2 Rad8 24.Rd1 Rd5 25.Be3 Bxe3 26.Rxd5 cxd5 27.Qxe3 Qxb2 28.O-O Qxa2
29.Qxe7 d4 30.Qxb7 d3 31.Qd7 Qc4 32.Bf3 a5 33.Bd5 Qd4+ 34.Kh1 Qg7 35.Ba2 Qh7  1-0

[Event "Corsica Masters KO 2011"]
[Site "Bastia FRA"]
[Date "2011.10.28"]
[Round "1.2"]
[White "Mullon,J"]
[Black "Mamedyarov,S"]
[Result "1/2-1/2"]
[WhiteElo "2379"]
[BlackElo "2746"]

1.e4 e5 2.Nf3 Nc6 3.Bb5 a6 4.Ba4 Nf6 5.O-O Be7 6.Bxc6 dxc6 7.d3 Nd7 8.b3 c5
9.Nbd2 f6 10.Nc4 Nf8 11.a4 Bg4 12.h3 Bh5 13.Ne3 Ne6 14.g4 Bf7 15.Nf5 g6 16.Nh6 g5
17.Nxf7 Kxf7 18.Nh2 Qg8 19.Kg2 h5 20.Be3 Qh7 21.Qf3 a5 22.Rh1 h4 23.Rhd1 Nd4
24.Bxd4 cxd4 25.Qf5 Qxf5 26.exf5 Ra6 27.Nf3 Rc6 28.Ra2 Bb4 29.Ng1 Rd8 30.Kf3 Rd5
31.Ne2 Rdc5 32.Rc1 Bd2 33.Rd1 Bb4 34.Rc1 Bd2 35.Rd1 Bb4 36.Rc1 Bd2  1/2-1/2

[Event "Corsica Masters KO 2011"]
[Site "Bastia FRA"]
[Date "2011.10.29"]
[Round "2.1"]
[White "Mamedyarov,S"]
[Black "Jones,G"]
[Result "1-0"]
[WhiteElo "2746"]
[BlackElo "2624"]

1.d4 Nf6 2.c4 d6 3.Nf3 g6 4.g3 Bg7 5.Bg2 O-O 6.O-O Nc6 7.d5 Na5 8.Qa4 c5
9.Bd2 b6 10.Bc3 Bd7 11.Qc2 b5 12.cxb5 Bxb5 13.Na3 a6 14.Rfd1 Nb7 15.e4 Bd7
16.Nc4 Rb8 17.e5 Bf5 18.Qe2 Ne4 19.Be1 e6 20.g4 Nxf2 21.Bxf2 Bxg4 22.dxe6 d5
23.exf7+ Rxf7 24.Ne3 Qc8 25.Nxg4 Qxg4 26.h3 Qh5 27.Rxd5 Rbf8 28.e6 Qxd5 29.exf7+ Qxf7
30.Ng5 Qf5 31.Qe6+ Kh8 32.Qxf5 Rxf5 33.Ne6 Nd6 34.Nxg7 Kxg7 35.Rd1  1-0

[Event "Corsica Masters KO 2011"]
[Site "Bastia FRA"]
[Date "2011.10.29"]
[Round "2.2"]
[White "Jones,G"]
[Black "Mamedyarov,S"]
[Result "1/2-1/2"]
[WhiteElo "2624"]
[BlackElo "2746"]

1.e4 e6 2.d4 d5 3.Nd2 dxe4 4.Nxe4 Nd7 5.g3 Ngf6 6.Nxf6+ Nxf6 7.Bg2 e5 8.d5 Bg4
9.Ne2 e4 10.c4 c6 11.Qa4 Qd7 12.dxc6 Qxc6 13.Qxc6+ bxc6 14.Nc3 Bb4 15.Bd2 O-O-O
16.a3 Bc5 17.Bg5 Bd4 18.O-O h6 19.Bxf6 Bxf6 20.Bxe4 Kc7 21.Rac1 Rd2 22.b4 Re8
23.b5 Bd7 24.Bg2 Bd4 25.bxc6 Bxc6 26.Nb5+ Bxb5 27.cxb5+ Kb8 28.Rc4 Bb6 29.Bf3 Rd3
30.Bc6 Re2 31.Rf4 f6 32.a4 Bc7 33.Rg4 g5 34.Ra1 Ba5 35.Re4 Rxe4 36.Bxe4 Rd2
37.Kg2 Bb6 38.a5 Bxf2 39.Kf3 h5 40.Bg6 Bd4 41.Ra4 Bg1 42.Bxh5 Rxh2 43.Bg6 Rb2
44.Bd3 Rf2+ 45.Ke4 f5+ 46.Ke5 f4 47.g4 f3 48.Ke4 Rd2 49.Ra1 Bc5 50.Bf1 f2
51.Kf5 Rd5+ 52.Ke6 Rd4 53.Kf5 Rd5+ 54.Kg6 Re5 55.Rc1 Re1  1/2-1/2

[Event "Corsica Masters KO 2011"]
[Site "Bastia FRA"]
[Date "2011.10.29"]
[Round "3.1"]
[White "Mamedyarov,S"]
[Black "Cheparinov,I"]
[Result "1-0"]
[WhiteElo "2746"]
[BlackElo "2650"]

1.d4 d5 2.c4 c6 3.Nf3 Nf6 4.Qc2 dxc4 5.Qxc4 Bf5 6.g3 e6 7.Bg2 Nbd7 8.O-O Be7
9.e3 O-O 10.Rd1 Qc7 11.h3 h6 12.Qe2 Rad8 13.Nc3 Ne4 14.Nd2 Nxc3 15.bxc3 e5
16.e4 Bg6 17.Nc4 Rfe8 18.a4 Bf6 19.a5 Nf8 20.d5 cxd5 21.exd5 e4 22.Bf4 Qc5
23.Be3 Qb5 24.Rab1 Qa6 25.Bf1 Bg5 26.Bxg5 hxg5 27.Qe3 Nd7 28.Nb6 Qxa5 29.Nxd7 Rxd7
30.Bb5 Qd8 31.d6 b6 32.Ra1 f6 33.c4 Bf5 34.g4 Bg6 35.c5 bxc5 36.Bxd7 Qxd7
37.Qxc5 e3 38.fxe3 Rc8 39.Rxa7 Qe6 40.Qd5 Qxd5 41.Rxd5  1-0

[Event "Sportaccord WMG Rapid"]
[Site "Beijing CHN"]
[Date "2011.12.09"]
[Round "1"]
[White "Mamedyarov,S"]
[Black "Vallejo Pons,F"]
[Result "1-0"]
[WhiteElo "2733"]
[BlackElo "2705"]

1.d4 Nf6 2.c4 e6 3.Nc3 Bb4 4.Nf3 b6 5.Qb3 c5 6.a3 Ba5 7.Bf4 O-O 8.e3 cxd4
9.Nxd4 Ne4 10.Qc2 Bxc3+ 11.bxc3 Bb7 12.Rd1 Na6 13.f3 Nec5 14.Nb5 Bc6 15.Be2 Re8
16.O-O e5 17.Bg3 e4 18.Qd2 exf3 19.Bxf3 Qg5 20.Bf4 Qg6 21.Nd6 Bxf3 22.Rxf3 Ne4
23.Qe1 Re6 24.Nxe4 Qxe4 25.Rxd7 Nc5 26.Rd4 Qc6 27.Qd1 h6 28.h4 Ne4 29.Qd3 Rae8
30.h5 Qc5 31.Rd7 Qxa3 32.Qd4 Qxc3 33.Rxa7 Qe1+ 34.Rf1 Qh4 35.Rxf7 Qg4 36.Rb7 Nf6
37.Rxb6 Nxh5 38.Rxe6 Rxe6 39.Qd5 Nf6 40.Qd8+ Kh7 41.c5 Ne4 42.Qd4 Qg6 43.Rc1 Ra6
44.Qc4 Ra5 45.c6 Rc5 46.c7 Rxc4 47.Rxc4 Qg4 48.c8=Q Qd1+ 49.Kh2 Qd5 50.Rd4 Qh5+
51.Qh3 Qg6 52.Qf3 Nf6 53.Be5  1-0

[Event "Sportaccord WMG Rapid"]
[Site "Beijing CHN"]
[Date "2011.12.09"]
[Round "2"]
[White "Mamedyarov,S"]
[Black "Karjakin,Sergey"]
[Result "1-0"]
[WhiteElo "2733"]
[BlackElo "2763"]

1.d4 d5 2.c4 c6 3.Nf3 Nf6 4.Qc2 dxc4 5.Qxc4 Bf5 6.g3 e6 7.Bg2 Nbd7 8.O-O Be7
9.e3 O-O 10.Rd1 Qc7 11.Nc3 Nd5 12.Ne1 Nxc3 13.bxc3 e5 14.e4 Bg4 15.Bf3 Nb6
16.Qe2 Be6 17.Nd3 Nc4 18.Nb2 Nxb2 19.Qxb2 Bc4 20.Be3 Rfe8 21.a4 Bd6 22.a5 h6
23.Ra4 Bb5 24.Raa1 Bc4 25.Kg2 Re7 26.Rd2 Rae8 27.dxe5 Rxe5 28.Rad1 Rb5 29.Qc1 Be5
30.a6 bxa6 31.Rd7 Qb8 32.Bxa7 Qc8 33.Bg4 Rb7 34.Qe3 Be6 35.Bxe6 fxe6 36.Rxb7 Qxb7
37.Bc5 a5 38.Qd3 a4 39.Ra1 Ra8 40.Qc4 Kf7 41.Qe2 Qb5 42.Qh5+ Kf6 43.Rd1 Qxc5
44.Rd7 Rf8 45.f4 a3 46.fxe5+ Qxe5 47.Qf3+ Kg6 48.Qxf8 a2 49.Rd1 Qxc3 50.Qf1 c5
51.Kh3 c4 52.Ra1 Qb2 53.e5 Kh7 54.Rc1 Qxe5 55.Qd1 Qf5+ 56.Kg2 Qe4+ 57.Qf3 Qe5
58.Qf1 Qe4+ 59.Kh3 Qe5 60.Qd1 Qf5+ 61.Kg2 Qe4+ 62.Kg1 Qe3+ 63.Kf1 Qe4 64.Kf2 Qf5+
65.Ke3 Qe5+ 66.Kd2 Qa5+ 67.Kc2 Qa3 68.Qd4 Qb3+ 69.Kd2 Qb1 70.Qc3 Kh8 71.Re1 e5
72.h4 Kh7 73.Qc2+  1-0

[Event "Sportaccord WMG Rapid"]
[Site "Beijing CHN"]
[Date "2011.12.10"]
[Round "3"]
[White "Wang Hao"]
[Black "Mamedyarov,S"]
[Result "1-0"]
[WhiteElo "2736"]
[BlackElo "2733"]

1.d4 g6 2.c4 Bg7 3.Nf3 d6 4.g3 Nf6 5.Bg2 O-O 6.O-O c5 7.Nc3 Nc6 8.dxc5 dxc5
9.Be3 Qa5 10.Qa4 Qxa4 11.Nxa4 b6 12.Nc3 Bb7 13.h3 Rad8 14.Rad1 Ne8 15.Rxd8 Nxd8
16.Rc1 Nd6 17.b3 Ne6 18.Nd5 Bxd5 19.cxd5 Nc7 20.Nd2 Nf5 21.Nc4 Nxe3 22.Nxe3 Rd8
23.Nc4 e6 24.dxe6 Nxe6 25.e3 b5 26.Na5 Rd2 27.a4 Bb2 28.Rb1 a6 29.axb5 axb5
30.Bf1 Bc3 31.Nc6 Ng5 32.Bg2 f5 33.Rc1 b4 34.Na5 Ne4 35.Nc4 Rd7 36.Bf3 Kf8
37.Nb6 Rd3 38.Bxe4 fxe4 39.Na4 Bd2 40.Rd1 Rxb3 41.Nxc5 Rb2 42.Nxe4 Bc3 43.Rd7 h5
44.Kg2 Be5 45.Rb7 Bc3 46.Nc5 Ra2 47.Nd3 Ra4 48.h4 Kg8 49.Kf3 Kf8 50.Nf4 Ra6
51.Nd5 Be1 52.Ke2 Bc3 53.Nxb4  1-0

[Event "Sportaccord WMG Rapid"]
[Site "Beijing CHN"]
[Date "2011.12.10"]
[Round "4"]
[White "Vachier Lagrave,M"]
[Black "Mamedyarov,S"]
[Result "1/2-1/2"]
[WhiteElo "2710"]
[BlackElo "2733"]

1.d4 d6 2.e4 Nf6 3.Nc3 g6 4.Be3 c6 5.Nf3 Bg7 6.Bd3 Nbd7 7.O-O e5 8.dxe5 dxe5
9.a4 Qe7 10.a5 O-O 11.Na4 Rd8 12.Qe1 Nh5 13.Qc3 Nf4 14.a6 Nf8 15.axb7 Bxb7
16.Qa3 Qc7 17.Bc4 N8e6 18.Nc5 Bc8 19.Nxe6 Bxe6 20.Bxe6 Nxe6 21.Qa5 Qb7 22.b3 c5
23.Nd2 Nd4 24.Ra2 Rd7 25.Nc4 Rc8 26.c3 Qxb3 27.cxd4 Qxc4 28.Ra4 Qc2 29.dxc5 Rd1
30.Ra1 Rxf1+ 31.Rxf1 Bf8 32.Rc1 Qxe4 33.Qxa7 Qd5 34.Kh1 h5 35.h3 Kh7 36.Kh2 e4
37.Qa6 Rc6 38.Qc4 Qxc4 39.Rxc4 f5 40.Kg1 Kg7 41.Rb4 Kf7 42.Rb6 Rc8 43.Rb7+ Ke6
44.Rb6+ Kf7 45.Rb7+ Ke6 46.Rb6+ Kf7  1/2-1/2

[Event "Sportaccord WMG Rapid"]
[Site "Beijing CHN"]
[Date "2011.12.10"]
[Round "5"]
[White "Mamedyarov,S"]
[Black "Kamsky,G"]
[Result "0-1"]
[WhiteElo "2733"]
[BlackElo "2732"]

1.d4 d5 2.c4 c6 3.Nf3 Nf6 4.Qc2 g6 5.Bf4 dxc4 6.Qxc4 Bg7 7.Nbd2 Nh5 8.Be5 Bxe5
9.Nxe5 Be6 10.Qc3 O-O 11.e4 Nd7 12.Nd3 Qb8 13.g3 Rd8 14.Be2 Ndf6 15.O-O Bg4
16.Rfe1 Bxe2 17.Rxe2 Ng7 18.Nf3 Ne6 19.Nde5 Nxd4 20.Re3 Nxf3+ 21.Nxf3 Qc7
22.h3 c5 23.Qc4 a6 24.e5 Nd5 25.Re4 Qc6 26.Rae1 Nb4 27.e6 f6 28.Nh4 Nd3 29.R1e2 Rd5
30.Kh2 Rad8 31.Nxg6 hxg6 32.Rg4 Rd4  0-1

[Event "Sportaccord WMG Rapid"]
[Site "Beijing CHN"]
[Date "2011.12.11"]
[Round "6"]
[White "Dominguez Perez,L"]
[Black "Mamedyarov,S"]
[Result "1-0"]
[WhiteElo "2712"]
[BlackElo "2733"]

1.e4 g6 2.d4 Bg7 3.Nc3 d6 4.Be3 a6 5.Qd2 b5 6.h4 Bb7 7.h5 b4 8.Nd5 a5 9.f3 Nd7
10.O-O-O e6 11.Nf4 Ne7 12.Ngh3 e5 13.dxe5 Nxe5 14.Bb5+ Bc6  1-0

[Event "Sportaccord WMG Rapid"]
[Site "Beijing CHN"]
[Date "2011.12.11"]
[Round "7"]
[White "Mamedyarov,S"]
[Black "Almasi,Z"]
[Result "1-0"]
[WhiteElo "2733"]
[BlackElo "2707"]

1.d4 Nf6 2.c4 g6 3.Nc3 Bg7 4.e4 d6 5.Be2 O-O 6.Bg5 Na6 7.f4 c6 8.Nf3 Bg4
9.Qd2 d5 10.Bxf6 Bxf6 11.cxd5 cxd5 12.Nxd5 Bg7 13.Rd1 f5 14.Ng5 Bxe2 15.Qxe2 Qd6
16.Qc4 e6 17.Nc3 Nc7 18.e5 Qc6 19.Qxc6 bxc6 20.Ke2 Rfd8 21.Rd2 Bf8 22.Rc1 h6
23.Nf3 Rac8 24.Na4 Nb5 25.Ke3 Nc7 26.g3 Be7 27.Ke2 Nb5 28.h4 Kf7 29.Rd3 Rg8
30.Rb3 Rgd8 31.Rc4 Rg8 32.Nc3 a6 33.a4 Na7 34.Rb6 Rb8 35.a5 Rgc8 36.Kd3 Bd8
37.Rxa6 Rb7 38.b4 Rcb8 39.Na4 Nc8 40.Raxc6 Ne7 41.a6 Ra7 42.Kc3 Nd5+ 43.Kb3 Ba5
44.Rc8 Rxb4+ 45.Rxb4 Nxb4 46.Rc5 Rxa6 47.Rxa5 Rxa5 48.Kxb4 Ra7 49.Nd2 Rb7+
50.Kc4 Ra7 51.Kb5 Rd7 52.Nb3 Rb7+ 53.Nb6 Ra7 54.d5 exd5 55.Nxd5 Ra3 56.Kb4 Ra2
57.Nd4  1-0

[Event "Sportaccord WMG Blitz"]
[Site "Beijing CHN"]
[Date "2011.12.12"]
[Round "8"]
[White "Mamedyarov,S"]
[Black "Le Quang Liem"]
[Result "1/2-1/2"]
[WhiteElo "2733"]
[BlackElo "2714"]

1.d4 d5 2.c4 c6 3.Nf3 Nf6 4.Qc2 dxc4 5.Qxc4 Bg4 6.Nc3 Nbd7 7.Bf4 e6 8.e4 Bxf3
9.gxf3 Nb6 10.Qd3 Nh5 11.Bg3 Bd6 12.Qe3 O-O 13.O-O-O Rc8 14.Kb1 Kh8 15.f4 Bb4
16.Rg1 Nf6 17.Bh4 Be7 18.Bd3 Nfd7 19.Bg5 c5 20.e5 cxd4 21.Qh3 g6 22.Ne4 Nd5
23.Rg3 f5 24.exf6 N7xf6 25.Nxf6 Bxf6 26.Bxg6 Qc7 27.Be4 Bxg5 28.Rxg5 Nxf4
29.Qh6 d3 30.Rc5 Qg7 31.Rxc8 Rxc8 32.Bxd3 Rd8 33.Be2 Rxd1+ 34.Bxd1 Nd3 35.f3  1/2-1/2

[Event "Sportaccord WMG Blitz"]
[Site "Beijing CHN"]
[Date "2011.12.13"]
[Round "9"]
[White "Giri,A"]
[Black "Mamedyarov,S"]
[Result "1-0"]
[WhiteElo "2714"]
[BlackElo "2733"]

1.d4 g6 2.g3 Bg7 3.Bg2 d5 4.Nf3 Nf6 5.c4 dxc4 6.O-O O-O 7.Na3 a5 8.Nxc4 Be6
9.Nce5 Bd5 10.Bf4 c6 11.Qc1 Nbd7 12.Rd1 Qb6 13.Nxd7 Nxd7 14.Qc2 Nf6 15.Ne5 Bxg2
16.Kxg2 Rfd8 17.Qc4 Nd5 18.Bd2 Qa6 19.Qxa6 Rxa6 20.Be1 a4 21.e4 Nc7 22.Nf3 Nb5
23.Bb4 e6 24.Rd2 Raa8 25.Rad1 Rd7 26.Bc5 Bh6 27.Ne5 Rdd8 28.f4 Bf8 29.Nc4 f6
30.Nb6 Ra6 31.Kf3 a3 32.b4 Kf7 33.Ke3 Nc7 34.Rc1 Nb5 35.Rcd1 Nc3 36.Rc1 Na4
37.Nxa4 Rxa4 38.Rb1 Bh6 39.b5 e5  1-0

[Event "Sportaccord WMG Blitz"]
[Site "Beijing CHN"]
[Date "2011.12.13"]
[Round "10"]
[White "Mamedyarov,S"]
[Black "Gashimov,V"]
[Result "1/2-1/2"]
[WhiteElo "2733"]
[BlackElo "2757"]

1.Nf3 Nf6 2.g3 b6 3.Bg2 Bb7 4.O-O e6 5.d4 Be7 6.c4 O-O 7.Nc3 Ne4 8.Nxe4 Bxe4
9.Ne1 Bxg2 10.Nxg2 d5 11.Qc2 Nc6 12.Rd1 Nb4 13.Qb3 dxc4 14.Qxc4 c5 15.Bf4 Qd5
16.Qxd5 Nxd5 17.dxc5 Bxc5 18.Kf1 Rfd8 19.Rac1 Kf8 20.Bd2 Ke8 21.e4 Nb4 22.Bxb4 Bxb4
23.Nf4 Bd2 24.Rc7 Bxf4 25.gxf4 Rd2 26.Rxa7 Rxb2 27.Kg2 b5 28.e5 b4 29.Rxa8+ Ke7
30.Ra7+ Ke8 31.Ra8+ Ke7 32.Ra7+ Ke8 33.Ra8+  1/2-1/2